00613nam a22002057a 4500003000400000005001700004008004100021020002200062040000900084082001500093100002200108245004100130260003800171300001000209630001500219650002100234942000900255952012400264999001900388OSt20260529135953.0260529b |||||||| |||| 00| 0 eng d a978-93-5746-164-1 cSBCL a612bTOR-P aTortora, Gerard J aPrinciples of Anatomy and Physiology aNew DelhibWiley India Ltd.c2024 a214p. xTechnology a Human physiolog cBOOK 00102ddc40708MICROaSBCLbSBCLc2d2026-05-29g3795.00l0o612 TOR-Pp143784r2026-05-29 14:01:03w2026-05-29yBOOK c138275d138275